| 000 | 00955nas a2200313 4500 | ||
|---|---|---|---|
| 001 | BR2013002414 | ||
| 003 | BR-BrBNA | ||
| 005 | 20231205122112.0 | ||
| 007 | ta | ||
| 008 | 230509b bl.|||p| |||| 00| 00por d | ||
| 040 |
_aBR-BrBNA _bpor _cBiblioteca Nacional de Agricultura |
||
| 041 | _a(Pt) | ||
| 072 | _aS01 | ||
| 100 | 1 | _aRocha, T.S. da | |
| 100 | 1 | _aMacedo, L. de S.O. | |
| 100 | 1 | _aSousa, A.V.R. de | |
| 100 | 1 | _aSousa, E.C. | |
| 245 | 1 | _aDesperdício de alimento em uma unidade de alimentação e nutrição de uma instituição pública de ensino de Teresina, PI | |
| 650 | _aINSTITUIÇÃO PÚBLICA | ||
| 650 | _aESCOLA | ||
| 650 | _aALIMENTO | ||
| 650 | _aDESPERDÍCIO | ||
| 650 | _aCONSUMO | ||
| 650 | _aESTATÍSTICA | ||
| 650 | _aPIAUÍ | ||
| 773 | 0 |
_tHigiene Alimentar (Brazil) _xISSN 0101-9171 _g(Sep-Oct 2012), v. 26(212/213) p. 18-21 _wBR2013002414 |
|
| 909 |
_a202311 _bLúcia _c55 _dLúcia Elande |
||
| 942 |
_2AGRIS _n0 _cANA |
||
| 999 |
_c226938 _d226938 |
||